Cartas a un escéptico en materia de profilaxis / (Record no. 49260)

MARC details
000 -LEADER
campo de control de longitud fija 00477nam a2200157 i 4500
001 - NÚMERO DE CONTROL
campo de control 49260
003 - IDENTIFICADOR DE NÚMERO DE CONTROL
campo de control ES-MaACL
005 - FECHA Y HORA DE LA ÚLTIMA TRANSACCIÓN
campo de control 20230906161920.0
007 - CAMPO FIJO DE DESCRIPCIÓN FÍSICA--INFORMACIÓN GENERAL
campo de control de longitud fija t|
008 - DATOS DE LONGITUD FIJA--INFORMACIÓN GENERAL
campo de control de longitud fija 030711s1954 sp ||||1| spa d
100 1# - ENTRADA PRINCIPAL--NOMBRE DE PERSONA
Nombre de persona Cortejoso Villanueva, Leopoldo.
9 (RLIN) 40841
245 10 - MENCIÓN DEL TÍTULO
Título Cartas a un escéptico en materia de profilaxis /
Mención de responsabilidad, etc. Leopoldo Cortejoso Villanueva.
260 ## - PUBLICACIÓN, DISTRIBUCIÓN, ETC.
Lugar de publicación, distribución, etc. Madrid :
Nombre del editor, distribuidor, etc. [s.n.],
Fecha de publicación, distribución, etc. 1954 (
Fabricante Gráf. González)
300 ## - DESCRIPCIÓN FÍSICA
Extensión 45 p. ;
Dimensiones 19 cm.
852 ## - LOCALIZACIÓN
Ubicación ES-MaACL
Número de control de estantería 1959-F-21
Holdings
Estatus retirado Estado de pérdida Estado de daño No para préstamo Colección Biblioteca de origen Biblioteca actual Ubicación en estantería Fecha de adquisición Fuente de adquisición Total de préstamos Signatura topográfica completa Código de barras Visto por última vez Precio de reemplazo Tipo de ítem Koha
        Colección de folletos Biblioteca del Ateneo de Madrid Biblioteca del Ateneo de Madrid Depósito folletos 17/01/2008     1959-F-21 1051838 23/02/2023 23/02/2023 Folleto